<?xml version="1.0" encoding="UTF-8"?>
<collection xmlns="http://www.loc.gov/MARC21/slim">
 <record>
  <leader>01404nam a2200229Ia 4500</leader>
  <controlfield tag="001">TDMU_31225</controlfield>
  <controlfield tag="008">210410s9999    xx            000 0 und d</controlfield>
  <datafield tag="082" ind1=" " ind2=" ">
   <subfield code="a">657.61</subfield>
  </datafield>
  <datafield tag="090" ind1=" " ind2=" ">
   <subfield code="b">Đ106</subfield>
  </datafield>
  <datafield tag="100" ind1=" " ind2=" ">
   <subfield code="a">Đảng Cộng sản Việt Nam</subfield>
  </datafield>
  <datafield tag="245" ind1=" " ind2="0">
   <subfield code="a">Văn kiện Đảng toàn tập</subfield>
  </datafield>
  <datafield tag="245" ind1=" " ind2="0">
   <subfield code="c">Đảng Cộng sản Việt Nam</subfield>
  </datafield>
  <datafield tag="245" ind1=" " ind2="0">
   <subfield code="n">T. 33</subfield>
  </datafield>
  <datafield tag="245" ind1=" " ind2="0">
   <subfield code="p">1972</subfield>
  </datafield>
  <datafield tag="260" ind1=" " ind2=" ">
   <subfield code="a">H.</subfield>
  </datafield>
  <datafield tag="260" ind1=" " ind2=" ">
   <subfield code="b">Chính trị Quốc gia</subfield>
  </datafield>
  <datafield tag="260" ind1=" " ind2=" ">
   <subfield code="c">2004</subfield>
  </datafield>
  <datafield tag="300" ind1=" " ind2=" ">
   <subfield code="a">537tr.</subfield>
  </datafield>
  <datafield tag="520" ind1=" " ind2=" ">
   <subfield code="a">LS098</subfield>
   <subfield code="d">Đảng ra đời, lãnh đạo cách mạng Việt Nam từ 1930 đến 1975; Giới thiệu những văn kiện quan trọng của Đảng năm 1972, đặc biệt là các văn kiện của Hội nghị lần thứ 20 Ban Chấp hành Trung ương (khoá III) gồm các nghị quyết, chỉ thị, thông tri, điện, báo cáo của Ban Chấp hành Trung ương, Bộ Chính trị, Ban bí thư, điện của đồng chí Lê Duẩn</subfield>
  </datafield>
  <datafield tag="650" ind1=" " ind2=" ">
   <subfield code="a">Quốc tế cộng sản   ; Đảng Lao động Việt Nam; Hồ Chí Minh; Chiến tranh Đông Dương; Kháng chiến chống Mỹ; Đảng Cộng sản Việt Nam</subfield>
   <subfield code="v">Văn kiện</subfield>
   <subfield code="x">Lịch sử</subfield>
   <subfield code="y">1972</subfield>
  </datafield>
  <datafield tag="856" ind1=" " ind2=" ">
   <subfield code="u">http://lrc.tdmu.edu.vn/opac/search/detail.asp?aID=2&amp;ID=31225</subfield>
  </datafield>
  <datafield tag="980" ind1=" " ind2=" ">
   <subfield code="a">Trung tâm Học liệu Trường Đại học Thủ Dầu Một</subfield>
  </datafield>
 </record>
</collection>
